01493nam a2200361 i 450000100060000000300100000600500170001600700030003300800410003602000180007704000350009504100180013008200210014808400060016910000360017524500970021125000460030826400620035430000520041633600270046833700330049533800280052849000280055650000700058452001690065452100620082353400590088565000340094465000430097865000470102170000260106870000370109460744CO-BoRNBP20260317203528.0ta210825r20192008sp a br 000 0 spa d a9788493598235 aCO-BoRNBPbspaerdacCO-BoRNBP1 aspahjpnheng04a612.98bY13p223 aA1 aYagyu, Genichiro,d1943- ,eaut10aPlantas de los pies /cGenichiro Yagyu ; traducción de Kiyoko Masaoka y Herrín Hidalgo. aPrimera edición.bTercera reimpresión 1aValencia, España :bEdiciones Media Vaca,c2008,c2019. a28 páginas :bilustraciones a color ;c25 cm. atextobtxt2rdacontent asin mediaciónbn2rdamedia avolumenbnc2rdacarrier0 aEl mapa de mi cuerpoa2 aTercera reimpresión de 2019 es de la primera edición de 2008.1 a¡Que levante la mano el que no se haya arrancado una costra, hurgado en el ombligo o en la nariz! Esta colección sobre el cuerpo humano... (Tomado de la fuente).1 aRecomendado para un público infantil mayor de 8 años. t- Ashi no ura no hanashi. - Those soles of your feet.17aPiesvLibros infantiles2lemb17aCuerpo humanovLibros infantiles2lemb17aAnatomía humanavLibros infantiles2lemb1 aMasaoka, Kiyoko,etrl1 aHidalgo, Herrín,d1952- ,etrl